|
|
|
|
| LEADER |
01263nam a2200253 a 4500 |
| 001 |
GR-MES10050 |
| 008 |
060410s2005 mau b 001 0 gre|c |
| 020 |
|
|
|a 0321247442
|q (σκληρόδετο)
|
| 020 |
|
|
|a 9780321247445
|q (σκληρόδετο)
|
| 040 |
|
|
|a GrPaTEI
|b gre
|c GR-PaULI
|
| 044 |
|
|
|a mau
|
| 082 |
0 |
4 |
|a 005.8
|2 22
|
| 100 |
1 |
|
|a Bishop, Matt
|q (Matthew A.)
|
| 245 |
1 |
0 |
|a Introduction to computer security /
|c Matt Bishop.
|
| 260 |
|
|
|a Boston :
|b Addison-Wesley,
|c c2005.
|
| 300 |
|
|
|a xxxii , 747 σ. :
|b εικ. ;
|c 24 εκ.
|
| 504 |
|
|
|a Περιλαμβάνει βιβλιογραφικές παραπομπές (σ. 649-711) και ευρετήριο.
|
| 650 |
|
0 |
|a Computer security.
|
| 650 |
|
7 |
|a Ασφάλεια ηλεκτρονικών υπολογιστών
|2 nlgaf
|
| 942 |
|
|
|2 ddc
|
| 952 |
|
|
|0 0
|1 0
|2 ddc
|4 0
|6 005_800000000000000_BIS
|7 0
|9 269676
|a MSLG
|b MSLG
|c BSC
|d 2021-01-17
|e 24
|f 0
|g 0.00
|l 0
|o 005.8 BIS
|p 2420000020621
|r 2021-01-17 00:00:00
|t 1
|w 2021-01-17
|y BK15
|x 20060410 0 1
|x GrPaTEI
|
| 952 |
|
|
|0 0
|1 0
|2 ddc
|4 0
|6 005_800000000000000_BIS
|7 0
|9 269677
|a MSLG
|b MSLG
|c BSC
|d 2021-01-17
|e 24
|f 0
|g 0.00
|l 0
|o 005.8 BIS
|p 2420000020622
|r 2021-01-17 00:00:00
|t 1
|w 2021-01-17
|y BK15
|x 20060410 0 1
|x GrPaTEI
|
| 971 |
|
|
|a .b2576097x
|b 01-10-20
|c 13-09-16
|
| 999 |
|
|
|c 155633
|d 155633
|